000
00236nam a2200097Ia 4500
001
959239
005
20250826215920.0
008
250824s9999 xx 000 0 und d
245
0
_a
EYVALLAH
_c
KAHRAMAN TAZEOĞLU
260
_b
DESTEK YAYINLARI
999
_c
959239
_d
959239